Pigs might fly : (Record no. 1179)
[ view plain ]
| 000 -LEADER | |
|---|---|
| fixed length control field | 01136pam a2200301 a 4500 |
| 005 - DATE AND TIME OF LATEST TRANSACTION | |
| control field | 20260114080156.0 |
| 020 ## - INTERNATIONAL STANDARD BOOK NUMBER | |
| International Standard Book Number | 014034537X : |
| Terms of availability | $3.95 ($4.95 Can.) |
| 040 ## - CATALOGING SOURCE | |
| Original cataloging agency | DLC |
| Transcribing agency | DLC |
| Modifying agency | DLC |
| Language of cataloging | eng |
| 050 10 - LIBRARY OF CONGRESS CALL NUMBER | |
| Classification number | PZ7.K5893 |
| Item number | Pi 1980 |
| 082 00 - DEWEY DECIMAL CLASSIFICATION NUMBER | |
| Classification number | 823.914 |
| Edition number | 20 |
| 100 2# - MAIN ENTRY--PERSONAL NAME | |
| Personal name | King-Smith, Dick. |
| 245 10 - TITLE STATEMENT | |
| Title | Pigs might fly : |
| Remainder of title | a novel / |
| Statement of responsibility, etc. | by Dick King-Smith ; drawings by Mary Rayner. |
| 260 ## - PUBLICATION, DISTRIBUTION, ETC. | |
| Place of publication, distribution, etc. | New York, N.Y., U.S.A. : |
| Name of publisher, distributor, etc. | Puffin Books, |
| Date of publication, distribution, etc. | 1980. |
| 300 ## - PHYSICAL DESCRIPTION | |
| Extent | 158 pages. : |
| Other physical details | Illustrations. ; |
| Dimensions | 20 cm. |
| 500 ## - GENERAL NOTE | |
| General note | "A ALA notable book"--P. [4] of cover. |
| 500 ## - GENERAL NOTE | |
| General note | "First published in Great Britain as Daggie Dogfoot by Victor Gollancz Ltd., 1980"--T.p. verso. |
| 505 ## - FORMATTED CONTENTS NOTE | |
| Formatted contents note | Z5 |
| 520 ## - SUMMARY, ETC. | |
| Summary, etc. | A runt piglet born with deformed front feet is coached in swimming by a duck and an otter and, when the pig farm is flooded, becomes a hero. |
| 521 ## - TARGET AUDIENCE NOTE | |
| Target audience note | 1030 <br/> |
| Source | Lexile <br/> |
| 521 ## - TARGET AUDIENCE NOTE | |
| Target audience note | Z5 <br/> |
| Source | Raz-Plus <br/> |
| 650 #1 - SUBJECT ADDED ENTRY--TOPICAL TERM | |
| Topical term or geographic name entry element | Pigs |
| Form subdivision | Fiction. |
| 650 #1 - SUBJECT ADDED ENTRY--TOPICAL TERM | |
| Topical term or geographic name entry element | Farm life |
| Form subdivision | Fiction. |
| 650 #1 - SUBJECT ADDED ENTRY--TOPICAL TERM | |
| Topical term or geographic name entry element | Disabilities |
| Form subdivision | Fiction. |
| 700 1# - ADDED ENTRY--PERSONAL NAME | |
| Personal name | Rayner, Mary, |
| Relator term | Illustrator. |
| 906 ## - LOCAL DATA ELEMENT F, LDF (RLIN) | |
| a | 7 |
| b | cbc |
| c | orignew |
| d | 1 |
| e | ocip |
| f | 19 |
| g | y-gencatlg |
| 942 ## - ADDED ENTRY ELEMENTS (KOHA) | |
| Source of classification or shelving scheme | Dewey Decimal Classification |
| Koha item type | Books |
| Suppress in OPAC | No |
| 999 ## - | |
| -- | 1179 |
| -- | 1179 |
| Withdrawn status | Lost status | Source of classification or shelving scheme | Damaged status | Not for loan | Collection | Home library | Current library | Shelving location | Date acquired | Total Checkouts | Full call number | Barcode | Date last seen | Date last checked out | Copy number | Price effective from | Koha item type | Date due |
|---|---|---|---|---|---|---|---|---|---|---|---|---|---|---|---|---|---|---|
| Dewey Decimal Classification | Juvenile Fiction | Footprints International School Library Network Toul Tom Poung Campus | Footprints International School Library Network Toul Tom Poung Campus | TTP Secondary Fiction Bookshelves | 01/12/2024 | 1 | KIN 823.914 PZ7.K5893 | FISSE00171 | 03/31/2026 | 03/02/2026 | 1 | 01/12/2024 | Books | |||||
| Dewey Decimal Classification | Juvenile Fiction | Footprints International School Library Network Toul Tom Poung Campus | Footprints International School Library Network Toul Tom Poung Campus | TTP Secondary Fiction Bookshelves | 01/12/2024 | 1 | KIN 823.914 PZ7.K5893 | FIS00979 | 04/07/2026 | 04/07/2026 | 2 | 01/12/2024 | Books | 04/21/2026 |
